| 000 | 00974nam a22002297a 4500 | ||
|---|---|---|---|
| 999 |
_c7706 _d7706 |
||
| 003 | AR-CdUCM | ||
| 008 | 190321b ||||| |||| 00| 0 spa d | ||
| 040 |
_aMUNICIPALIDAD PROVINCIAL DEL CUSCO _cBIBLIOTECA MUNICIPAL DEL CUSCO |
||
| 082 |
_a639.2 / _bB23 |
||
| 100 |
_aBarrig, Maruja _921763 |
||
| 245 |
_aAnzuelo sin Carnada : _bObreras en la Industria de conserva de pescado / |
||
| 260 |
_aPerú : _bMosca Azul Editores , _c1985. |
||
| 300 |
_a94 páginas ; _c20.5 cm. |
||
| 505 | _aContenido : Las fábricas y las obreras : con cuáles y con cuántas -- Perfil de la obrera conservera -- La fábrica: lsin ley ni orden -- Trabajo asalariado: necesidad real y autonomía femenina -- ¿Por qué el apogeo y la crisis? -- Anexos... | ||
| 650 |
_aFeminismo _94003 |
||
| 650 |
_aDerechos Labolares Femeninos _921764 |
||
| 650 |
_aDerecho Laboral _95297 |
||
| 700 |
_aChueca, Marcela _921765 |
||
| 700 |
_aYáñez , Ana Maria _921766 |
||
| 942 |
_2ddc _cLIBROS |
||
| 945 | _artm | ||